A Grammar of Contemporary Slovak

Bibliographic Details
Main Author: Mistrík, Jozef, 1921-2000 (Author)
Format: Book
Language:English
PhysicalDescription:160 s., 13,24 AH Tb. 24 cm
Published: Bratislava S.l. Slovenské pedagogické nakladateľstvo ,t. [vyd.] 1983
Edition:1. vyd.
Subjects:

MARC

LEADER 00000nam a2200000 a 4500
001 vtls001092327
003 SK-MaSNL
005 20260301062416.0
008 250414s1983 xo 0 eng
015 |a SNBA1983/09 
035 |a SNK000035169 
040 |a SNK  |b slo  |c SNK  |e AACR2 
041 0 |a eng 
044 |a xo  |c SK 
080 |a 808.54-5(035)  |2 1981 
100 1 |a Mistrík, Jozef,  |d 1921-2000  |4 aut  |9 108177 
245 1 0 |a A Grammar of Contemporary Slovak  |c Jozef Mistrík ; prebbal a väzba Jozef Michaláč 
250 |a 1. vyd. 
260 |a Bratislava  |b Slovenské pedagogické nakladateľstvo  |a S.l.  |b ,t. [vyd.]  |c 1983  |e Bratislava  |f Svornosť 
300 |a 160 s., 13,24 AH  |b Tb.  |c 24 cm 
366 |e 850 výtl. 
500 |a Lit. 9. Schválilo MŠ SSR ako vysokošk. učeb. pre posl. Letného seminára slov. jazyka. 9 zázn. v slov., češ. a ruš. 
650 0 7 |a slovenčina  |2 SNKPH  |9 1350 
650 0 7 |a gramatika  |2 SNKPH  |9 865 
655 7 |a učebnice  |2 SNKPH  |9 22521 
700 1 |a Michaláč, Jozef,  |d 1944-  |4 bkd  |9 107679 
852 |a Slovenská národná knižnica 
954 |a slovenčina  |a gramatika slovenská 
958 |a NB 
958 |a TL 
958 |a UV 
958 |a OND 
999 |c 620539  |d 622469 
952 |t P60, <04>, [BOOK], {604}  |a SNK  |b SNK  |y VYP  |7 0  |p 17A0025959  |o snkSC 59265 D1  |0 0  |1 0  |4 0  |d 1996-12-11  |l 0  |r 2004-12-31 00:00:00  |w 2026-02-23 
952 |a SNK  |b SNK  |y PREZ  |7 0  |p 17A0896856  |o snkSC 59265  |0 0  |1 0  |4 0  |d 2012-08-16  |l 0  |r 2025-06-06 00:00:00  |w 2026-02-23